01121nam a2200289 i 4500003000900000005001700009007000300026008004100029020001500070040003000085082001200115100005400127245004000181264008000221300002800301336002700329337003400356338002800390490003300418500007000451590002700521910001400548942001400562952011600576952012200692999001700814DO-SdBNP20240708152649.0ta240708b2006 pr 00| 0 spa d a0847704254 aDO-SdBNPbspacBNPHUerda 4222bJ94 aJuliá Marín, Ramónd1878-1917917818eautor13aLa Gleba /cRamón Juliá Marín aSan Juan, Puerto Rico : bLa Editorial, Universidad de Puerto Rico, c2006. a342 páginas :c21 cm. 2rdacontentatextobtxt 2rdamediaasin mediaciónbnc 2rdacarrieravolumenbnc1 aClásicos no tan clásicos aIncluye datos biografícos del autor en la solapa de la portada. aInventariado, 2024/ YL aYlockward 2ddccLBS1 00102ddc56708GRaBNPHUbBNPHUcCTd2019-05-05eDonación l0oJ94p2024-4291r2024-07-08w2024-07-08yLBS1 00102ddc56708GRaBNPHUbBNPHUcCTd2019-05-05eDonación l0oJ94p2024-4292r2024-07-08te. 2w2024-07-08yLBS1 c57219d57219